[Event "Challenge"]
[Site "http://www.queenalice.com/game.php?id=15653"]
[Date "2005.6.8"]
[Round "-"]
[White "Ricardo"]
[Black "sibeli"]
[Result "0-1"]
[WhiteElo "1130"]
[BlackElo "1106"]

1. e4 e5 2. d3 Bb4+ 3. Bd2 Nc6 4. a3 Ba5 5. b4 Bb6 6. f3 Qh4+ 7. Ke2 Nd4+ 8. Ke3
Qg5+ 9. Kf2 Qh4+ 10. g3 Qf6 11. h4 h5 12. Ne2 Nxf3+ 13. Kg2 c5 14. Nf4 Nxd2 15.
Qxd2 exf4 16. Qxf4 cxb4 17. axb4 Qxa1 18. Nd2 Qb2 19. Qf2 Bxf2 20. Kxf2 Qxc2 21.
Ke2 a5 22. Bg2 Ra6 23. bxa5 Rxa5 24. Rf1 Ra2 25. Rd1 Qc3 26. Ke3 Ra1 27. Bf3 Nf6
28. Nc4 b5 29. Nd6+ Kd8 30. Nxf7+ Ke8 31. Nxh8 Ng4+ 32. Kf4 Qe5# 0-1

[Event "Challenge"]
[Site "http://www.queenalice.com/game.php?id=15765"]
[Date "2005.6.10"]
[Round "-"]
[White "mza"]
[Black "Ricardo"]
[Result "1-0"]
[WhiteElo "1645"]
[BlackElo "1104"]

1. e4 e5 2. Nf3 f6 3. d4 Bb4+ 4. c3 Ba5 5. dxe5 Ne7 6. exf6 gxf6 7. Qd4 Bb6 8.
Qxf6 Rf8 9. Qh6 d5 10. Ne5 Nd7 11. Qh5+ Rf7 12. b4 Ng6 13. a3 Rf8 14. Nxg6 Kf7
15. Qxh7+ Kf6 16. Nxf8 Qxf8 17. Bh6 Qe7 18. Qf5# 1-0

[Event "Brasil(eu)xThaiwan"]
[Site "http://www.queenalice.com/game.php?id=15855"]
[Date "2005.6.10"]
[Round "-"]
[White "Ricardo"]
[Black "Adriano_Pereira"]
[Result "0-1"]
[WhiteElo "1081"]
[BlackElo "1373"]

1. e4 e5 2. d3 Qf6 3. f3 g6 4. a4 b6 5. Nc3 Bb4 6. Bd2 Nc6 7. Nb5 Qd8 8. h4 a6
9. Nc3 Nd4 10. Nd5 Bxd2+ 11. Kxd2 c6 12. c3 Ne6 13. Ne3 a5 14. Qe1 Ba6 15. Qg3
Nf4 16. Nh3 Qf6 17. Nxf4 exf4 18. Qe1 fxe3+ 19. Qxe3 Ne7 20. Qxb6 Nc8 21. Qxa5
Qf4+ 22. Ke1 Qe3+ 23. Be2 Bxd3 24. Qxa8 Qxe2# 0-1

[Event "PalmeirasxOlaria"]
[Site "http://www.queenalice.com/game.php?id=15942"]
[Date "2005.6.11"]
[Round "-"]
[White "Ricardo"]
[Black "Adriano_Pereira"]
[Result "1-0"]
[WhiteElo "1077"]
[BlackElo "1379"]

1. e4 e5 2. Qh5 Nf6 3. Qxe5+ Qe7 4. Qxc7 Qd8 5. Qe5+ Be7 6. Qg5 Rg8 7. b3 Nxe4
8. Qe3 f5 9. g3 Bf6 10. c3 Bg5 11. Qe2 Nc6 12. Bh3 Qb6 13. Bxf5 g6 14. Bxe4 Ne5
15. Bd5 Rf8 16. Qxe5+ Kd8 17. Qxg5+ Kc7 18. d4 Qf6 19. Bf4+ Kb6 20. a4 Re8+ 21.
Kf1 Qf8 22. a5+ Kb5 23. Bxb7+ d5 24. Bxa8 Be6 25. Na3+ Kxa5 26. Bc7+ Ka6 27.
Nc4+ Kb5 28. Ra5# 1-0

[Event "Olaria... quer recuperar!"]
[Site "http://www.queenalice.com/game.php?id=15970"]
[Date "2005.6.11"]
[Round "-"]
[White "Ricardo"]
[Black "Adriano_Pereira"]
[Result "1-0"]
[WhiteElo "1104"]
[BlackElo "1357"]

1. e4 d5 2. Nc3 dxe4 3. Nxe4 Nf6 4. f3 Nc6 5. c3 Bf5 6. Nf2 Bg6 7. b4 Bh5 8. Bc4
Ne5 9. Qb3 Nxc4 10. Qxc4 e5 11. Qb5+ c6 12. Qxb7 Qc8 13. Qxc8+ Rxc8 14. h3 g6
15. g4 Bxg4 16. fxg4 Bh6 17. Nd3 O-O 18. Nxe5 Rfe8 19. Nf3 Nd7 20. d4 Bxc1 21.
Rxc1 f6 22. Kf1 fxe5 23. Rd1 Rf8 24. Kg2 exd4 25. Nxd4 Rce8 26. Nxc6 Re2+ 27.
Kg1 a6 28. Rh2 Re6 29. Nd4 Re3 30. Rf2 Rxh3 31. Ne6 Rxf2 32. Kxf2 Rxc3 33. Rxd7
Rc6 34. Nd4 Rc4 35. Ne6 Rc2+ 36. Ke3 Rxa2 37. Ke4 Re2+ 38. Kd5 Rd2+ 39. Kc6 Rc2+
40. Kd6 Rb2 41. Ke5 Rxb4 42. Kf6 Rxg4 43. Rd8# 1-0

[Event "Olaria ta na lama!"]
[Site "http://www.queenalice.com/game.php?id=16058"]
[Date "2005.6.13"]
[Round "-"]
[White "Ricardo"]
[Black "Adriano_Pereira"]
[Result "1-0"]
[WhiteElo "1101"]
[BlackElo "1372"]

1. e4 e5 2. Qh5 Nf6 3. Qxe5+ Qe7 4. Qxc7 Qd8 5. Qe5+ Be7 6. Qg5 g6 7. f3 Nh5 8.
Qd5 Nc6 9. g4 Nf4 10. Qb5 Nb4 11. Kd1 Qc7 12. c3 a6 13. Qc4 Nc6 14. Nh3 b5 15.
Qb3 Na5 16. Qc2 Rb8 17. d3 b4 18. Bxf4 d6 19. cxb4 Nc6 20. Ng5 Rxb4 21. a4 Qb7
22. Nh3 Rxb2 23. Qc1 Na7 24. Nd2 Bd7 25. Nc4 Bh4 26. Nxb2 Ke7 27. Nc4 Bxa4+ 28.
Rxa4 Rb8 29. Qe3 Qb1+ 30. Kd2 Nc6 31. Bxd6+ Kd7 32. Bg2 Qb5 33. Ra3 f6 34. Ra2
a5 35. Rb2 Qa4 36. Bxb8 Nxb8 37. Rxb8 Qa2+ 38. Kc3 Qxg2 39. Qd4+ Ke7 40. Rb7+
Ke6 41. Nf4# 1-0

[Event "PalmeirasxFigueira"]
[Site "http://www.queenalice.com/game.php?id=16156"]
[Date "2005.6.14"]
[Round "-"]
[White "Ricardo"]
[Black "ronisj"]
[Result "0-1"]
[WhiteElo "1186"]
[BlackElo "1441"]

1. e4 e5 2. Qh5 Qf6 3. Bc4 Bc5 4. Nf3 g6 5. Qg4 Nh6 6. Qg5 Be7 7. Qxh6 Bf8 8.
Qh4 Qxh4 9. Nxh4 d6 10. Bb5+ Bd7 11. Bc4 Nc6 12. Na3 Be7 13. Nf3 Be6 14. g3 Bxc4
15. Nxc4 b5 16. Ne3 a6 17. a3 Nd4 18. Nxd4 exd4 19. Nd5 Rc8 20. c3 c6 21. Nb6
Rb8 22. Nd5 cxd5 23. exd5 Bf6 24. Kd1 O-O 25. Re1 Rbe8 26. b3 Re7 27. cxd4 Rfe8
28. Rxe7 Rxe7 29. a4 Bxd4 30. Rb1 Bxf2 31. axb5 axb5 32. Bb2 Re1+ 33. Kc2 Rxb1
34. Kxb1 Bg1 35. h3 f5 36. g4 fxg4 37. hxg4 h5 38. gxh5 gxh5 39. Ba3 h4 40. Bxd6
h3 41. Kc2 h2 42. Bxh2 Bxh2 43. Kc3 Bd6 44. Kd4 Kf7 45. Ke4 Ke7 46. Kf5 Bb4 47.
d3 Kd6 48. Ke4 Bc5 49. Kf4 Kxd5 50. Kf3 Kd4 51. Ke2 Kc3 52. Kd1 Kxb3 53. Kd2 b4
54. Kc1 Ka2 55. Kc2 b3+ 56. Kc3 b2 57. Kc4 Be7 58. d4 b1=Q 59. d5 Qb4+ 60. Kd3
Kb3 61. Ke2 Qe4+ 62. Kf1 Qxd5 63. Kg1 Qf5 64. Kg2 Qf4 65. Kg1 Qf3 66. Kh2 Bd6+
67. Kg1 Qg3+ 68. Kf1 Kc2 69. Ke2 Qd3+ 70. Kf2 Kd2 71. Kg2 Qe3 72. Kf1 Qe2+ 73.
Kg1 Bg3 74. Kh1 Qh2# 0-1

[Event "Challenge"]
[Site "http://www.queenalice.com/game.php?id=16580"]
[Date "2005.6.17"]
[Round "-"]
[White "Ricardo"]
[Black "iamc"]
[Result "0-1"]
[WhiteElo "1128"]
[BlackElo "2037"]

1. e4 e5 2. Qh5 Nc6 3. d3 g6 4. Qh3 d6 5. Qe3 Bg7 6. g3 f5 7. Na3 Nf6 8. Bg2 O-O
9. exf5 gxf5 10. Bd2 Rb8 11. Ba5 Be6 12. Nb5 Nxa5 13. Nxa7 Nd5 14. Qd2 Nc6 15.
Nb5 Qf6 16. f4 exf4 17. Nc3 Nxc3 18. bxc3 Qxc3 19. Ke2 Qxd2+ 20. Kxd2 Bxa1 21.
Ne2 f3 22. Bxf3 Nd4 23. Rxa1 Nxf3+ 24. Ke3 Nxh2 25. Nf4 Rbe8 26. Rh1 Bd5+ 27.
Kd2 Bxh1 28. Kc3 c5 29. d4 b5 30. Kb3 Re3+ 31. c3 Ra8 32. a3 c4+ 33. Kc2 Rxa3
34. Kd2 Nf1+ 35. Kc2 Be4+ 36. Kb2 Rb3+ 37. Ka2 Bb1+ 38. Ka1 Re8 39. Nd5 Ra8# 0-1

[Event "Challenge"]
[Site "http://www.queenalice.com/game.php?id=16588"]
[Date "2005.6.17"]
[Round "-"]
[White "Ricardo"]
[Black "Keldon"]
[Result "0-1"]
[WhiteElo "1122"]
[BlackElo "1311"]

1. e4 e5 2. Qh5 d6 3. Qf3 Nf6 4. Bc4 Be6 5. Na3 d5 6. Bb5+ c6 7. Ba4 Bg4 8. Qe3
d4 9. Qg5 h6 10. Qxe5+ Be7 11. h3 Nbd7 12. Qxd4 Nc5 13. Bb3 Qxd4 14. hxg4 Nxg4
15. Rh4 Qxf2+ 16. Kd1 Qf1# 0-1

[Event "Challenge"]
[Site "http://www.queenalice.com/game.php?id=16718"]
[Date "2005.6.18"]
[Round "-"]
[White "Ricardo"]
[Black "Gatamorta"]
[Result "1-0"]
[WhiteElo "1131"]
[BlackElo "1303"]

1. e4 e5 2. Qh5 g6 3. Qxe5+ Qe7 4. Qxh8 Qxe4+ 5. Be2 Qxg2 6. d4 Qxh1 7. Kf1 Ne7
8. Qxh7 Qd5 9. c3 Nf5 10. Nf3 Qe4 11. Nbd2 Qf4 12. Bc4 Qh6 13. Qxf7+ Kd8 14. Ne5
Nd6 15. Qf6+ Ke8 16. Ne4 Nxc4 17. Bxh6 Bxh6 18. Qxg6+ Ke7 19. Qxh6 Nd6 20. Ng6+
Ke6 21. d5+ Kxd5 22. Re1 b6 23. Ne7+ Kc4 24. b3+ Kb5 25. Nxd6+ cxd6 26. Qxd6 Na6
27. a4+ Ka5 28. Re5+ b5 29. axb5 Nb8 30. Nxc8 Na6 31. Qxa6# 1-0

[Event "PalmeirasXBangu."]
[Site "http://www.queenalice.com/game.php?id=18508"]
[Date "2005.7.6"]
[Round "-"]
[White "Ricardo"]
[Black "sibeli"]
[Result "1-0"]
[WhiteElo "1122"]
[BlackElo "1122"]

1. e4 e5 2. Qh5 Nf6 3. Qxe5+ Qe7 4. Qxc7 Qd8 5. Qe5+ Qe7 6. Qg5 Qxe4+ 7. Be2
Qxc2 8. Na3 Qc6 9. Qe3+ Be7 10. Bc4 Qxg2 11. Nh3 Qxh1+ 12. Ke2 Qxh2 13. Rb1 d6
14. b3 Qxh3 15. Bb2 Bf5 16. Re1 a5 17. Kd1 d5 18. Qxe7# 1-0

[Event "Challenge"]
[Site "http://www.queenalice.com/game.php?id=18531"]
[Date "2005.7.6"]
[Round "-"]
[White "Ricardo"]
[Black "hugom"]
[Result "0-1"]
[WhiteElo "1132"]
[BlackElo "1136"]

1. e4 e5 2. Qh5 Nf6 3. Qxe5+ Be7 4. Qg5 O-O 5. e5 Ne4 6. Qe3 Ng5 7. h4 Ne6 8. g3
Bc5 9. Qc3 Nc6 10. Bd3 d5 11. Be2 a6 12. Qd3 Nxe5 13. Qf5 Bd6 14. Bd3 g6 15. Qh3
Nd4 16. Qg2 c6 17. Ne2 Ndf3+ 18. Kf1 b5 19. Nd4 Nxd4 20. b3 Qe8 21. Ba3 Nef3 22.
Bxd6 Qe1# 0-1

[Event "SeGuNdA!!!"]
[Site "http://www.queenalice.com/game.php?id=18558"]
[Date "2005.7.7"]
[Round "-"]
[White "Ricardo"]
[Black "fabiano"]
[Result "1-0"]
[WhiteElo "1148"]
[BlackElo "1109"]

1. e4 e5 2. Qh5 g5 3. Nf3 Nf6 4. Qh3 Nxe4 5. Nxe5 f6 6. Nd3 d6 7. Qe3 d5 8. Nc3
c6 9. Nxe4 dxe4 10. Qxe4+ Be7 11. f4 gxf4 12. Nxf4 Nd7 13. Ne6 Nc5 14. Ng7+ Kf7
15. Qc4+ Kxg7 16. Be2 b5 17. Qc3 a5 18. Qg3+ Kf7 19. Bh5+ Ke6 20. Rf1 Qd5 21.
Bf3 Qe5+ 22. Be2 Ne4 23. Qg7 Bd7 24. d3 Ng5 25. Bxg5 Qxh2 26. Kf2 fxg5 27. Rfe1
Raf8+ 28. Bf3+ Kf5 29. Qxe7 Re8 30. Qxd7+ Kg6 31. Qxc6+ Kf7 32. Bd5+ Kg7 33.
Rxe8 Rxe8 34. Qxe8 Qd6 35. Qf7+ Kh6 36. Rh1+ Qh2 37. Rxh2# 1-0

[Event "Challenge"]
[Site "http://www.queenalice.com/game.php?id=18996"]
[Date "2005.7.9"]
[Round "-"]
[White "Ricardo"]
[Black "Balrog"]
[Result "0-1"]
[WhiteElo "1182"]
[BlackElo "1696"]

1. e4 e5 2. Qh5 d6 3. Bc4 Qf6 4. Qf3 Be7 5. Qb3 b6 6. Nc3 c6 7. Nf3 b5 8. Bd3
Be6 9. Qb4 a5 10. Qa3 d5 11. Nxd5 cxd5 12. Qc3 d4 13. Qc8+ Bxc8 14. Bxb5+ Bd7
15. Bc4 Nc6 16. d3 Nb4 17. Kd1 Bg4 18. c3 Bxf3+ 19. gxf3 Qxf3+ 20. Kd2 Bg5+ 0-1

[Event "Primeira"]
[Site "http://www.queenalice.com/game.php?id=19728"]
[Date "2005.7.15"]
[Round "-"]
[White "Ricardo"]
[Black "Morbid"]
[Result "0-1"]
[WhiteElo "1180"]
[BlackElo "1435"]

1. e4 f6 2. Qh5+ g6 3. Qe2 b6 4. Qc4 Ba6 5. Qa4 b5 6. Qd4 Nc6 7. Qd3 Nb4 8. Qc3
Nc6 9. b3 b4 10. Qe3 Bh6 11. Qh3 Bxf1 12. Kxf1 Nd4 13. Qd3 Ne6 14. a3 Nc5 15.
Qd4 Ne6 16. Qxb4 c5 17. Qc4 f5 18. Bb2 Bg7 19. Bxg7 Nxg7 20. Qxc5 h5 21. exf5
gxf5 22. Nc3 d6 23. Qb5+ Qd7 24. Qe2 Ne6 25. Qf3 Nd4 26. Qxa8+ Qd8 27. Qxa7 e5
28. Qa4+ Qd7 29. Qa8+ Ke7 30. Nd5+ Kf7 31. Nh3 Qb5+ 32. c4 Qxb3 33. Qc8 Qd3+ 34.
Kg1 f4 35. Qd8 Ne2+ 36. Kf1 Qxd2 37. Re1 Nd4 38. Qf6+ Nxf6 39. Nxf6 Kxf6 40. g3
Qd3+ 41. Kg2 f3+ 42. Kg1 Qxc4 43. Re4 Ke6 44. Ng5+ Kf5 45. Nf7 Qxf7 46. Re3 Qg6
47. Kf1 e4 48. Ke1 Nc2+ 49. Kd2 Rc8 50. Rb3 Qg5+ 51. Re3 Nd4 52. Rc1 Rxc1 53.
Kxc1 h4 54. Kb2 hxg3 55. hxg3 Nb5 56. a4 Qf6+ 57. Kc2 Nc7 58. a5 Qa1 59. Rc3
Qxa5 60. Kb2 Nd5 61. Ra3 Qd2+ 62. Kb3 Qxf2 63. Ra5 Ke5 0-1

[Event "Primeira"]
[Site "http://www.queenalice.com/game.php?id=23211"]
[Date "2005.8.9"]
[Round "-"]
[White "Ricardo"]
[Black "EduardoMiller"]
[Result "1-0"]
[WhiteElo "1174"]
[BlackElo "1069"]

1. e4 e5 2. Qh5 g6 3. Qxe5+ Ne7 4. Qxh8 d5 5. f3 a5 6. Qxh7 dxe4 7. fxe4 Qd4 8.
Ne2 Qxe4 9. Na3 Bf5 10. g3 Qxh1 11. Qh4 g5 12. Qxg5 Qxh2 13. Qe3 Ra6 14. Qf2 Qh5
15. Qc5 Qh2 16. Qxc7 Ra8 17. Qxb7 Bh3 18. Qxa8 Nc6 19. d4 Qh1 20. d5 Qxf1+ 21.
Kd2 Qf3 22. dxc6 Bd6 23. Qxa5 1-0

[Event "A volta do ricardo ao chess!"]
[Site "http://www.queenalice.com/game.php?id=33795"]
[Date "2005.10.18"]
[Round "-"]
[White "Ricardo"]
[Black "sibeli"]
[Result "0-1"]
[WhiteElo "1186"]
[BlackElo "1153"]

1. e4 e5 2. Qh5 Bd6 3. d3 Nf6 4. Qg5 g6 5. Qe3 Nh5 6. b3 Qf6 7. Qh6 Na6 8. Be2
Nf4 9. d4 Nxg2+ 10. Kf1 Nh4 11. Bxa6 bxa6 12. Bg5 Qe6 13. Qxh4 exd4 14. Nf3 Bb7
15. Nxd4 Qxe4 16. Qxe4+ Bxe4 17. Rg1 c5 18. Ne2 Bxh2 19. Rg4 Bxc2 20. Rh4 Be5
21. Nbc3 Bd3 22. Rc1 f6 23. Be3 d6 24. Rd1 Bc2 25. Rc1 Bd3 26. Ra4 c4 27. Rxa6
cxb3 28. Rc6 b2 29. Rd1 Bc2 30. Re1 g5 31. f3 h5 32. Bd4 Ke7 33. Bxe5 dxe5 34.
Rc7+ Kd6 35. Rb7 Rhb8 36. Rf7 Ke6 37. Rc7 h4 38. Kg2 f5 39. Rc1 bxc1=Q 40. Nxc1
Rc8 41. Nb5 g4 42. fxg4 fxg4 43. Nxa7 Rxc7 0-1

[Event "terceira"]
[Site "http://www.queenalice.com/game.php?id=43427"]
[Date "2005.12.13"]
[Round "-"]
[White "Ricardo"]
[Black "fabiano"]
[Result "0-1"]
[WhiteElo "1169"]
[BlackElo "1275"]

1. e4 e5 2. Qh5 g6 3. Qxe5+ Qe7 4. d4 Bg7 5. Qxg7 Qxe4+ 6. Be3 Qxc2 7. Qe5+ Kf8
8. Nd2 f6 9. Qb5 Nc6 10. b3 Qb2 11. Rb1 Qxa2 0-1